Українська усна народна творчість (Запис № 311010)

МАРК-запис
000 -Лідер
fixed length control field 00697nam a22002657a 4500
001 - Контрольний номер
control field 24728
003 - Ідентифікатор контрольного номера
control field UA-OsUOA
005 - Дата та час останнього входження (трансакції)
control field 20240527110557.0
007 - Фіксоване поле фізичного опису
fixed length control field ta
008 - Елементи даних фіксованої довжини – загальна інформація
fixed length control field 20040301b un ||||| |||| 00| 0 ukr d
020 ## - Міжнародний стандартний книжковий номер (ISBN)
Міжнародний стандартний книжковий номер (ISBN) (НП) 966-7767-97-3
040 ## - Джерело каталогізації
Агенція оригінальної каталогізації UA-OsUOA
Мова каталогізації ukr
Агенція, яка здійснювала перезапис UA-OsUOA
Агенція, яка здійснювала модифікацію UA-OsUOA
041 ## - Код мови
Код мови тексту/ звукової доріжки чи окремого заголовка (П) ukr
044 ## - Код країни видавця/ виробника
Код країни видавця/ виробника (П) UA
080 ## - Індекс Універсальної десяткової класифікації
Індекс Універсальної десяткової класифікації (УДК) (НП) 398(045.8)
090 ## - Локальний шифр розміщення
Класифікаційний індекс УДК 398(045.8)
Авторський знак (НП) Л22
100 ## - Основне введення – ім’я особи
Ім’я особи (НП) Лановик М.Б.
9 (RLIN) 2905
245 ## - Відомості про назву
Назва (НП) Українська усна народна творчість
Решта назви (НП) підручник
260 ## - Публікація, розповсюдження і т.п. (Вихідні дані)
Місце публікації, розповсюдження і т.п. (П) Київ
Ім’я/ наймення видавництва, розповсюджувача і т.п. (П) Знання-Прес
Дата публікації, розповсюдження і т.п. (П) 2003
300 ## - Фізичний опис
Обсяг 591 с.
650 #7 - Додаткове предметне введення – тематичний термін
Джерело заголовка чи терміна UDC
700 ## - Додаткове введення – ім'я особи
Ім’я особи (НП) Лановик З.Б.
9 (RLIN) 2906
942 ## - Додаткові елементи входу (Коха)
Тип елемента Koha Книги
Source of classification or shelving scheme Universal Decimal Classification
955 ## - Код типу видання за змістом
Код типу видання за змістом (НП) Навчальні видання
Фонди
Стан вилучень Стан втрат Джерело класифікації або схеми стелажів Стан уражень Не для кредиту Постійне місце розташування Поточне розміщення Дата придбання Вартість, звичайна ціна покупки Інвентарний номер Усього замовленно Повний номер виклику Штрих-код Дата останнього перегляду Дата останньої перевірки Ціна ефективна від Тип елемента Koha Перевірено Загальна кількість оновлень
    Universal Decimal Classification     ЧЗ - Читальна зала АБ - Абонемент НБ 01/03/2004 40.00 77940 2 398(045.8) Л22 77940 10/10/2022 08/09/2021 01/03/2004 Книги    
    Universal Decimal Classification     ЧЗ - Читальна зала ЧЗ - Читальна зала 01/03/2004 40.00 77941   398(045.8) Л22 77941 22/12/2021   01/03/2004 Книги    
    Universal Decimal Classification     ЧЗ - Читальна зала ЧЗ - Читальна зала 01/03/2004 40.00 77942   398(045.8) Л22 77942 22/12/2021   01/03/2004 Книги    
Withdrawn   Universal Decimal Classification     ЧЗ - Читальна зала ЧЗ - Читальна зала 01/03/2004 40.00 77943   398(045.8) Л22 77943 13/07/2019   01/03/2004 Книги    
    Universal Decimal Classification     ЧЗ - Читальна зала ЧЗ - Читальна зала 01/03/2004 40.00 77944 1 398(045.8) Л22 77944 22/07/2019 22/07/2019 01/03/2004 Книги 20/10/2019  
    Universal Decimal Classification     ЧЗ - Читальна зала ЧЗ - Читальна зала 01/03/2004 40.00 77945   398(045.8) Л22 77945 07/02/2022   01/03/2004 Книги    
Withdrawn   Universal Decimal Classification   Not For Loan ЧЗ - Читальна зала ЧЗ - Читальна зала 01/03/2004 40.00 77946 1 398(045.8) Л22 77946 27/05/2024 25/07/2019 01/03/2004 Книги    
    Universal Decimal Classification     ЧЗ - Читальна зала ЧЗ - Читальна зала 01/03/2004 40.00 77947 4 398(045.8) Л22 77947 07/02/2022 13/12/2019 01/03/2004 Книги    
    Universal Decimal Classification     ЧЗ - Читальна зала ЧЗ - Читальна зала 01/03/2004 40.00 77948 5 398(045.8) Л22 77948 01/10/2025 03/09/2025 01/03/2004 Книги   1
    Universal Decimal Classification     ЧЗ - Читальна зала ЧЗ - Читальна зала 01/03/2004 40.00 77949   398(045.8) Л22 77949 27/05/2024   01/03/2004 Книги